Регионална библиотека "Любен Каравелов" - Русе

Стопанска история на България 681 - 1981 (Запис номер 56129)

MARC детайли
000 -Лидер
Контролно поле с фиксирана дължина 01329nam a2200325 c 4500
003 - Код на организацията, давaща контролен номер
Контролно поле BLK
005 - Дата и час на последна редакция
Контролно поле 20240327114935.0
008 - Елементи от данни с фиксирана дължина
fixed length control field 180408b bul|||||r ||||||| ||bul||
010 ## - Наследен системен номер
LC control number KNG00060106000
040 ## - Източник на каталожния запис
Идентификатор на билиотеката - собственик на записа BLK
041 ## - Код за език
Код за езика на текст/звукозапис или на отделно заглавие Български
Код за езика КДБФ Български
080 ## - УДК
Текстов определител УДК Икономическо положение. Икономическа политика. Управление. Планиране. Производство. Услуги. Цени
УДК код - определител по УДК 338
УДК определител (497.2)
УДК - код + определител 338(497.2)
100 1# - Редна дума - Автор
Автор Тодоров, Николай
Авторска отговорност първи автор
Автор - информация (биография) Николай Тодоров
R(LIN) 363506
139 ## - Редно поле
Редна дума Стопанска история на България 681 - 1981
Авторски знак Стоич - С 82
245 10 - Сведения за заглавието
Заглавие Стопанска история на България 681 - 1981
Редно поле (дума) Николай Тодоров.
257 ## - Страна на издаване
Страна на създаване/издаване България
260 ## - Област на издателските данни
-- София
Име на издателя, разпространителя и проч. Наука и изкуство
Година на издаване 1981
300 ## - Физическа характеристика
Страници 615 с.
Илюстрации и др. с табл., 50 л. ил.
Размери/Мащаб 27 см
380 ## - Жанр
Жанр Обществени науки
650 #4 - Допълнително описание по предмет – тема
Основно описание – тема или топоним Стопанство - България - история
9 (RLIN) 247403
651 #4 - Допълнително описание по предмет - топоним
Географско понятие България
9 (RLIN) 241624
653 ## - Ключова дума – ненормативна
Ключова дума стопанство
653 ## - Ключова дума – ненормативна
Ключова дума история
852 ## - Местоположение
Форматна сигнатура Цб ІІ 6071
856 4# - Електронен адрес и достъп
Електронен формат pdf - файл
Път до файла /url/
856 4# - Електронен адрес и достъп
Електронен формат pdf - файл
Път до файла /url/
942 ## - АРТИКУЛИ
Вид на библиотечния материал Книги
Скрит в OPAC Не
Koha issues (borrowed), all copies 5
944 ## - СЪЗДАВАНЕ И РЕДАКЦИЯ на ЗАПИСА
Създаване/Редакция Създаване
Дата на регистрацията/редакция 13.06.2004
Служител, извършил регистрацията/редакцията 30576
Статус, дата на статуса Цветомила Тодорова
944 ## - СЪЗДАВАНЕ И РЕДАКЦИЯ на ЗАПИСА
Създаване/Редакция Редакция
Дата на регистрацията/редакция 24.04.2009
Служител, извършил регистрацията/редакцията
999 ## - СИСТЕМНИ КОНТРОЛНИ НОМЕРА
Koha biblionumber 56129
Koha biblioitemnumber 56129
Наличности
Код за отписване Код за изгубен артикул Източник на класификационната схема Код за повреда Коз за рестрикции Код за отдаване Артикулен № Име на библиотеката - собственик Име на библиотеката, в която се намира в момента Статус (Текущо местоположение) Дата на вписване в системата Местоположение - отдел Цена в лева Инвентарен номер Систематично азбучна сигнатура Баркод Номер на екземпляра Цена в евро Служебна бележка Служебен тип на артикула
  Не е изгубен Universal Decimal Classification Не е повреден без рестрикции ползва се в читалня 88429 Регионална библиотека "Любен Каравелов" Русе Регионална библиотека "Любен Каравелов" Русе Читалня 1993-01-01 Читалня 9.95 328761 Ч 338(497.2)/С82 120000328761 1 5.09 Дост: Pk Вид: Ф N: стар фонд Дата: 01.01.1981 Дата инв: 23.03.2017 Бележки инв: Ч2017 Книги
Изтеглен Не е изгубен Universal Decimal Classification Не е повреден без рестрикции заемане за дома 88430 Регионална библиотека "Любен Каравелов" Русе Регионална библиотека "Любен Каравелов" Русе Заемна - подръчен фонд 1981-01-01 Заемна - подръчен фонд 9.95 328758 П 338(497.2)/С 82 328758 2 5.09 Дост: Pk Вид: Ф N: стар фонд Дата: 01.01.1981 Дата инв: 19.02.2018 Бележки инв: П2018 Книги
Изтеглен Не е изгубен Universal Decimal Classification Не е повреден без рестрикции заемане за дома 88431 Регионална библиотека "Любен Каравелов" Русе Регионална библиотека "Любен Каравелов" Русе Заемна - подръчен фонд 1981-01-01 Заемна - подръчен фонд 9.95 328759 П 338(497.2)/С 82 328759 3 5.09 Дост: Pk Вид: Ф N: стар фонд Дата: 01.01.1981 Дата инв: 05.02.2018 Бележки инв: П2018 Книги
Изтеглен Не е изгубен Universal Decimal Classification Не е повреден без рестрикции заемане за дома 88432 Регионална библиотека "Любен Каравелов" Русе Регионална библиотека "Любен Каравелов" Русе Заемна - подръчен фонд 1981-01-01 Заемна - подръчен фонд 9.95 542005 П 338(497.2)/С 82 542005 4 5.09 Дост: Pk Вид: Ф N: стар фонд Дата: 01.01.1981 Дата инв: 02.02.2018 Бележки инв: П2018 Книги
Изтеглен Не е изгубен Universal Decimal Classification Не е повреден без рестрикции заемане за дома 88433 Регионална библиотека "Любен Каравелов" Русе Регионална библиотека "Любен Каравелов" Русе Заемна - подръчен фонд 1981-01-01 Заемна - подръчен фонд 9.95 624452 П 338(497.2)/С 82 624452 5 5.09 Дост: Pk Вид: Ф N: стар фонд Дата: 01.01.1981 Дата инв: 02.02.2018 Бележки инв: П2018 Книги
  Не е изгубен Universal Decimal Classification Не е повреден без рестрикции заемане за дома 88434 Регионална библиотека "Любен Каравелов" Русе Регионална библиотека "Любен Каравелов" Русе Заемна - подръчен фонд 1981-01-01 Заемна - подръчен фонд 1.00 634725 П 338(497.2)/С 82 120000634725 6 0.51 Дост: Pk Вид: Ф N: стар фонд Дата: 01.01.1981 Дата инв: 05.02.2018 Бележки инв: П2018 Книги
  Не е изгубен Universal Decimal Classification Не е повреден само за читалня ползва се в читалня 88435 Регионална библиотека "Любен Каравелов" Русе Регионална библиотека "Любен Каравелов" Русе Хранилище 1981-01-01 Хранилище 9.95 328651 Цб ІІ 6071 120000328651 7 5.09 Дост: Dp Вид: Д N: стар фонд Дата: 01.01.1981 Книги
Vip Innovations Ltd, Rousse, Bulgaria 2025